Temor y temblor

Guardado en:
Detalles Bibliográficos
Autor principal: Kierkegaard, Søren 1813-1855 (autor)
Formato: Libro
Lenguaje:español
Publicado: Buenos Aires Agebe 2004
Edición:1a. ed
Materias:
Etiquetas: Agregar Etiqueta
Sin Etiquetas, Sea el primero en etiquetar este registro!

MARC

LEADER 00000cam a2200000 a 4500
001 UCC9971
003 CL-VaPUC
005 20240711135702.0
008 191129e20040000ag spa d
020 |a 9872105553 
082 0 4 |a 142.7  |b KIE  |2 21 
100 |a Kierkegaard, Søren   |e autor  |d 1813-1855  |9 579207 
245 1 0 |a Temor y temblor 
250 |a 1a. ed 
260 |a Buenos Aires  |b Agebe  |c 2004 
300 |a 142 p 
583 |a last modification  |c 20191129 11:37:00  |k Rodrigo Vera 
650 0 0 |a Existencialismo  |9 265698 
650 0 0 |a Filosofía danesa  |9 266957 
650 0 0 |a Escuelas filosóficas   |9 266232 
942 |c BK 
945 |a dcastane  |d 20191129 11:37:00 
999 |c 376242  |d 376240 
952 |0 0  |1 0  |3 erb  |4 0  |6 142_700000000000000_KIE_2004  |7 0  |8 A  |9 495583  |a BIBEDU  |b BIBEDU  |i 5609062  |l 2  |o 142.7 KIE 2004  |p 5609062  |r 2024-06-04  |s 2024-06-04  |w 2020-01-06  |y BK  |z Catalogado en:20191129  |k FIL